[Event "Calgary 14th"]
[Site "Calgary"]
[Date "2023.12.28"]
[Round "4"]
[White "Chandra, Anand Rishi"]
[Black "Soberov, Emil"]
[Result "1/2-1/2"]
[WhiteElo "2164"]
[BlackElo "2120"]
[PlyCount "87"]
[EventDate "2023.12.26"]
[EventType "swiss"]
[EventRounds "9"]
[EventCountry "CAN"]
[SourceTitle "CB02_2024"]
[SourceDate "2024.01.10"]
[SourceVersion "1"]
[SourceVersionDate "2024.01.10"]
[SourceQuality "1"]

1. e4 c6 2. Nf3 d5 3. d3 Bg4 4. h3 Bxf3 5. Qxf3 e5 6. g3 Nf6 7. Bg2 dxe4 8. dxe4 g6 9. 0-0 Bg7 10. Be3 0-0 11. Bc5 Re8 12. Rd1 Qc7 13. Na3 b5 14. c4 Nbd7 15. Bd6 Qb6 16. Rac1 Rac8 17. c5 Qb7 18. h4 Rcd8 19. Bh3 Nf8 20. Nc2 N6d7 21. b4 Ne6 22. Rd3 Nd4 23. Qd1 Nb6 24. Nxd4 exd4 25. e5 Nd5 26. f4 f6 27. Rxd4 fxe5 28. Re4 exf4 29. Be6+ Rxe6 30. Rxe6 Qf7 31. Qg4 Ne3 32. Qg5 Rc8 33. Qe7 Nf5 34. Qxf7+ Kxf7 35. Re4 fxg3 36. Rf1 Bf6 37. Kg2 Rd8 38. Bxg3 Rd2+ 39. Rf2 Rd3 40. Rf3 Rd2+ 41. Rf2 Rd3 42. Rf3 Rd2+ 43. Bf2 Rxa2 44. Rd3 1/2-1/2

[Event "Banff op"]
[Site "Banff"]
[Date "2023.11.10"]
[Round "1"]
[White "Zacharias, Nicholas"]
[Black "Chandra, Anand Rishi"]
[Result "0-1"]
[WhiteElo "1693"]
[BlackElo "2145"]
[PlyCount "40"]
[EventDate "2023.11.10"]
[EventType "swiss"]
[EventRounds "6"]
[EventCountry "CAN"]
[SourceTitle "CB47_2023"]
[SourceDate "2023.11.22"]
[SourceVersion "1"]
[SourceVersionDate "2023.11.22"]
[SourceQuality "1"]

1. e4 e5 2. f4 d5 3. exd5 exf4 4. Nf3 Nf6 5. c4 c6 6. d4 Bb4+ 7. Nc3 cxd5 8. Bxf4 0-0 9. Bd3 Re8+ 10. Ne5 Be6 11. c5 Qa5 12. Rc1 Bg4 13. Qb3 Nc6 14. a3 Bxc5 15. Qxb7 Bxd4 16. Qxf7+ Kh8 17. Bh6 Rxe5+ 18. Kd2 Rg8 19. b4 Qxa3 20. b5 Qb2+ 0-1

[Event "Banff op"]
[Site "Banff"]
[Date "2022.11.11"]
[Round "2"]
[White "Kaufman, Raymond"]
[Black "Chandra, Anand Rishi"]
[Result "1-0"]
[WhiteElo "2209"]
[BlackElo "1892"]
[PlyCount "77"]
[EventDate "2022.11.11"]
[EventType "swiss"]
[EventRounds "6"]
[EventCountry "CAN"]
[SourceTitle "CBM 211 Extra"]
[Source "ChessBase"]
[SourceDate "2023.01.31"]
[SourceVersion "1"]
[SourceVersionDate "2023.01.31"]
[SourceQuality "1"]

1. e4 e5 2. Nf3 Nc6 3. Bb5 a6 4. Ba4 Nf6 5. 0-0 b5 6. Bb3 Be7 7. Re1 d6 8. c3 Na5 9. Bc2 c5 10. d4 Qc7 11. Nbd2 0-0 12. Nf1 cxd4 13. cxd4 Nc6 14. Ne3 Rd8 15. Bb3 Qa7 16. d5 Nb8 17. Bc2 a5 18. a4 b4 19. Nc4 Nbd7 20. Be3 Nc5 21. h3 Nfd7 22. Nfd2 Qc7 23. Rc1 Ba6 24. Bb1 Rdc8 25. b3 Bb7 26. Kh1 f5 27. f4 Bf6 28. exf5 Bxd5 29. Ne4 Bxe4 30. Bxe4 Nxe4 31. Qd5+ Kh8 32. Nxe5 Ndc5 33. Nf7+ Qxf7 34. Qxf7 Nd3 35. Rxc8+ Rxc8 36. Qe6 Rd8 37. Qxe4 Nxe1 38. Bd2 Bc3 39. Qxe1 1-0

[Event "Banff op"]
[Site "Banff"]
[Date "2021.11.12"]
[Round "1"]
[White "Chandra, Anand Rishi"]
[Black "Lu, Kevin"]
[Result "1-0"]
[WhiteElo "2063"]
[BlackElo "1898"]
[PlyCount "85"]
[EventDate "2021.11.12"]
[EventType "swiss"]
[EventRounds "6"]
[EventCountry "CAN"]
[SourceTitle "CBM 205 Extra"]
[Source "ChessBase"]
[SourceDate "2022.01.31"]
[SourceVersion "1"]
[SourceVersionDate "2022.01.31"]
[SourceQuality "1"]

1. e4 e5 2. Nf3 Nc6 3. Bc4 Bc5 4. c3 Nf6 5. d3 d5 6. exd5 Nxd5 7. 0-0 0-0 8. h3 Nb6 9. Bb3 Bf5 10. Bc2 Qf6 11. Qe2 Rfe8 12. Nbd2 Rad8 13. Ne4 Bxe4 14. dxe4 Qg6 15. Nh4 Qf6 16. Qg4 Qe6 17. Qg3 Ne7 18. b4 Bd6 19. Bg5 h6 20. Bb3 hxg5 21. Bxe6 gxh4 22. Bxf7+ Kxf7 23. Qxh4 Ng6 24. Qg4 Nd7 25. g3 Rh8 26. Kg2 Nf6 27. Qf3 Rh6 28. Rh1 Ke7 29. Kf1 Rdh8 30. Ke2 Nf8 31. Qe3 b6 32. f3 c5 33. a3 Ne6 34. Rad1 Rxh3 35. Rxh3 Rxh3 36. Qf2 g5 37. Qg2 Rh6 38. Rh1 Nh5 39. Ke3 Kf7 40. Qh3 Rh7 41. Qf5+ Kg7 42. Qxe6 Rh6 43. Qh3 1-0

[Event "Wch FIDE Online U12"]
[Site "Tornelo INT"]
[Date "2020.12.19"]
[Round "1.2"]
[White "Chandra, Anand Rishi"]
[Black "Ngo, Bach"]
[Result "1/2-1/2"]
[WhiteElo "2011"]
[BlackElo "2060"]
[PlyCount "58"]
[EventDate "2020.12.19"]
[EventType "k.o. (rapid)"]
[EventRounds "4"]
[EventCountry "ISS"]
[SourceTitle "EXT 2022"]
[Source "ChessBase"]
[SourceDate "2021.10.06"]
[SourceVersion "1"]
[SourceVersionDate "2021.10.06"]
[SourceQuality "1"]

1. e4 d6 2. d4 Nf6 3. Bd3 e5 4. Ne2 d5 5. dxe5 Nxe4 6. Bxe4 dxe4 7. Qxd8+ Kxd8 8. Ng3 Nc6 9. 0-0 Nxe5 10. Rd1+ Ke8 11. Bf4 Nc4 12. Rd4 Nd6 13. Nxe4 Nxe4 14. Rxe4+ Be6 15. Nc3 c6 16. a3 Be7 17. Rd1 Rd8 18. Rxd8+ Kxd8 19. Be3 a6 20. Bb6+ Kc8 21. Rd4 Bf6 22. Rd3 Bf5 23. Rd2 Re8 24. h3 Bxc3 25. bxc3 Bd7 26. a4 g6 27. a5 h5 28. c4 Re4 29. c5 Re5 1/2-1/2

[Event "Wch FIDE Online U12 America qual"]
[Site "Tornelo INT"]
[Date "2020.12.03"]
[Round "5"]
[White "Chandra, Anand Rishi"]
[Black "Zhao, Erick"]
[Result "0-1"]
[WhiteElo "1756"]
[BlackElo "2039"]
[PlyCount "108"]
[EventDate "2020.12.01"]
[EventType "swiss (rapid)"]
[EventRounds "7"]
[EventCountry "ISS"]
[SourceTitle "EXT 2022"]
[Source "ChessBase"]
[SourceDate "2021.10.06"]
[SourceVersion "1"]
[SourceVersionDate "2021.10.06"]
[SourceQuality "1"]

1. e4 c5 2. Nf3 d6 3. Bb5+ Bd7 4. Bxd7+ Qxd7 5. 0-0 Nc6 6. c3 Nf6 7. Re1 e6 8. d4 cxd4 9. cxd4 d5 10. e5 Ne4 11. Nbd2 Nxd2 12. Bxd2 Be7 13. a3 a5 14. Qe2 0-0 15. Qd3 a4 16. Bc3 Rfc8 17. Nd2 b5 18. Qxb5 Nxe5 19. Qxd7 Nxd7 20. f4 Bd6 21. g3 Nb6 22. Kf2 Nc4 23. Nxc4 Rxc4 24. Re3 g6 25. Kf3 Bc7 26. Rd1 Ba5 27. Bxa5 Rxa5 28. Rd2 Ra6 29. g4 Kg7 30. h4 h5 31. gxh5 gxh5 32. f5 Kf6 33. Kf4 Rac6 34. Re5 Rc2 35. Rxc2 Rxc2 36. fxe6 fxe6 37. Rxh5 Rxb2 38. Rh7 Re2 39. Rh6+ Kg7 40. Kg5 Rg2+ 41. Kh5 Kf7 42. Rh7+ Kf6 43. Ra7 Rg8 44. Rxa4 Kf5 45. Kh6 Rh8+ 46. Kg7 Rxh4 47. Rb4 e5 48. Rb5 Rxd4 49. Kf7 e4 50. Ke7 e3 51. Rb1 e2 52. Re1 Re4+ 53. Kd6 d4 54. Kd5 d3 0-1

[Event "Canadian op"]
[Site "Regina"]
[Date "2019.07.18"]
[Round "9"]
[White "Ratte, Cameron"]
[Black "Chandra, Anand Rishi"]
[Result "0-1"]
[WhiteElo "1857"]
[BlackElo "1883"]
[PlyCount "125"]
[EventDate "2019.07.12"]
[EventType "swiss"]
[EventRounds "9"]
[EventCountry "CAN"]
[SourceTitle "EXT 2020"]
[Source "ChessBase"]
[SourceDate "2019.10.17"]
[SourceVersion "1"]
[SourceVersionDate "2019.10.17"]
[SourceQuality "1"]

1. e4 e5 2. Nf3 Nc6 3. Bb5 a6 4. Ba4 Nf6 5. 0-0 Be7 6. Re1 b5 7. Bb3 d6 8. c3 0-0 9. h3 Na5 10. Bc2 c5 11. d4 Qc7 12. Nbd2 Bb7 13. Nf1 Rac8 14. d5 c4 15. Ng3 Rfe8 16. Be3 Ba8 17. Nh2 Bf8 18. Ng4 Nxg4 19. hxg4 Nb7 20. Nf5 Nc5 21. g3 f6 22. g5 g6 23. Nh4 fxg5 24. Bxg5 Be7 25. Qd2 Bxg5 26. Qxg5 Qe7 27. Qe3 Qf6 28. b4 cxb3 29. axb3 Bb7 30. Reb1 Rf8 31. Rb2 Rc7 32. Bd1 Bc8 33. Nf3 Rcf7 34. Ng5 Re7 35. Nf3 Rg7 36. Nh2 g5 37. Bg4 Bxg4 38. Nxg4 Qf3 39. Nh6+ Kh8 40. Qxf3 Rxf3 41. Nf5 Rd7 42. b4 Nxe4 43. Ne3 Nxf2 44. Rxf2 Rxe3 45. Rxa6 Rxc3 46. Rb6 Rxg3+ 47. Kh2 Rb3 48. Rxb5 Kg7 49. Kg2 Rf7 50. Rb6 Rxf2+ 51. Kxf2 h5 52. Rxd6 Rxb4 53. Re6 Rd4 54. Rxe5 Kf6 55. Re6+ Kf5 56. Rh6 h4 57. d6 Kg4 58. Ke3 Rd5 59. Ke4 Rd1 60. Ke3 Kg3 61. Ke2 Rd5 62. Kf1 h3 63. Ke2 0-1

[Event "Canadian op"]
[Site "Regina"]
[Date "2019.07.12"]
[Round "1"]
[White "Chandra, Anand Rishi"]
[Black "Cherniaev, Alexander"]
[Result "0-1"]
[WhiteElo "1883"]
[BlackElo "2396"]
[PlyCount "64"]
[EventDate "2019.07.12"]
[EventType "swiss"]
[EventRounds "9"]
[EventCountry "CAN"]
[SourceTitle "EXT 2020"]
[Source "ChessBase"]
[SourceDate "2019.10.17"]
[SourceVersion "1"]
[SourceVersionDate "2019.10.17"]
[SourceQuality "1"]

1. e4 g6 2. d4 Bg7 3. Nc3 a6 4. Be3 d6 5. Qd2 Nd7 6. f3 b5 7. h4 h6 8. 0-0-0 Nb6 9. Bd3 c6 10. f4 h5 11. f5 gxf5 12. exf5 Nc4 13. Bxc4 bxc4 14. g4 hxg4 15. Qg2 Nh6 16. Qxc6+ Bd7 17. Qxc4 Nxf5 18. Bg5 Qc8 19. Qe2 Qb7 20. Ne4 Bc6 21. Re1 Bxd4 22. c3 Be5 23. Qxg4 Rb8 24. b3 Qc8 25. Rh3 Ng7 26. Qd1 Ne6 27. Rd3 Bxe4 28. Rxe4 Nc5 29. Ree3 Nxd3+ 30. Qxd3 f6 31. Qg6+ Kd7 32. Bh6 Qg8 0-1

[Event "Wch U10"]
[Site "Santiago de Compostela"]
[Date "2018.11.13"]
[Round "9"]
[White "Ngo, Bach"]
[Black "Chandra, Anand Rishi"]
[Result "1-0"]
[WhiteElo "1810"]
[BlackElo "1953"]
[PlyCount "135"]
[EventDate "2018.11.04"]
[EventType "swiss"]
[EventRounds "11"]
[EventCountry "ESP"]
[SourceTitle "EXT 2022"]
[Source "ChessBase"]
[SourceDate "2021.10.06"]
[SourceVersion "1"]
[SourceVersionDate "2021.10.06"]
[SourceQuality "1"]

1. d4 d5 2. Nf3 Nf6 3. Bf4 e6 4. e3 Bd6 5. Bg3 0-0 6. Bd3 c5 7. c3 Nc6 8. Nbd2 Qe7 9. 0-0 e5 10. dxe5 Nxe5 11. Nxe5 Bxe5 12. Bxe5 Qxe5 13. Nf3 Qc7 14. h3 Bd7 15. Qe2 a6 16. Nh4 Ne4 17. Qh5 f5 18. Nf3 h6 19. Bxe4 dxe4 20. Nd2 Rad8 21. Rad1 Be6 22. Nb3 Rd3 23. Nc1 Rdd8 24. Rxd8 Rxd8 25. Rd1 Rxd1+ 26. Qxd1 Qd7 27. Qxd7 Bxd7 28. Nb3 b6 29. Nd2 Be6 30. a3 b5 31. b4 cxb4 32. axb4 Kf7 33. Kf1 Ke7 34. h4 g6 35. f3 Bd5 36. fxe4 Bxe4 37. Nb3 Kd6 38. g3 Kd5 39. Nd2 Bd3+ 40. Kf2 Be4 41. Ke2 Kc6 42. Nb3 Kb6 43. Kd2 Bd5 44. Nd4 a5 45. bxa5+ Kxa5 46. Ne2 g5 47. Nd4 gxh4 48. gxh4 Be4 49. Kc1 Kb6 50. Ne6 Kc6 51. Kd2 Kd5 52. Nc7+ Kc4 53. Ne8 Kc5 54. Nf6 Kc4 55. Ng8 h5 56. Nf6 Bf3 57. Ne8 Be4 58. Ng7 Bf3 59. Nxf5 Bg4 60. Nd6+ Kc5 61. Ne4+ Kc4 62. Nf6 Bf3 63. e4 Kc5 64. e5 Kc6 65. Ke3 Bd1 66. Kf4 Kc7 67. Kg5 Kd8 68. Nxh5 1-0

[Event "White Rock Semiahmoo op"]
[Site "White Rock"]
[Date "2018.08.05"]
[Round "3.5"]
[White "Lehingrat, Callum"]
[Black "Chandra, Anand Rishi"]
[Result "0-1"]
[WhiteElo "1982"]
[BlackElo "2092"]
[PlyCount "100"]
[EventDate "2018.08.04"]
[EventType "swiss"]
[EventRounds "6"]
[EventCountry "CAN"]
[SourceTitle "EXT 2022"]
[Source "ChessBase"]
[SourceDate "2021.10.06"]
[SourceVersion "1"]
[SourceVersionDate "2021.10.06"]
[SourceQuality "1"]

1. d4 Nf6 2. c4 e6 3. g3 d5 4. Nf3 c5 5. cxd5 exd5 6. Bg2 Nc6 7. 0-0 Be7 8. Nc3 0-0 9. b3 Be6 10. Bb2 Rc8 11. e3 b6 12. Rc1 Re8 13. Ne2 Nd7 14. Nf4 cxd4 15. Nxd4 Nxd4 16. Bxd4 Rxc1 17. Qxc1 Nc5 18. Rd1 Bg4 19. Bxc5 Bxd1 20. Bxe7 Rxe7 21. Qxd1 Rd7 22. Qd4 h6 23. Nxd5 Rd6 24. e4 Rc6 25. h4 Rc1+ 26. Kh2 Rc2 27. a4 Qd6 28. e5 Qc5 29. Qxc5 bxc5 30. Nf4 Rxf2 31. Kg1 Rd2 32. h5 Kf8 33. e6 Ke7 34. exf7 Kxf7 35. Bd5+ Kf6 36. Bc4 Kg5 37. Ne6+ Kxh5 38. Nxc5 Kg4 39. Ne4 Rb2 40. Be6+ Kf3 41. Bf5 h5 42. Bg6 a5 43. Nc5 Kxg3 44. Bd3 h4 45. Ne4+ Kf4 46. Nc5 h3 47. Be4 Kg3 48. Bf5 Re2 49. Nd3 h2+ 50. Kh1 Rd2 0-1

[Event "White Rock Semiahmoo op"]
[Site "White Rock"]
[Date "2018.08.04"]
[Round "1.6"]
[White "Gu, Chuyang"]
[Black "Chandra, Anand Rishi"]
[Result "0-1"]
[WhiteElo "1842"]
[BlackElo "2092"]
[PlyCount "90"]
[EventDate "2018.08.04"]
[EventType "swiss"]
[EventRounds "6"]
[EventCountry "CAN"]
[SourceTitle "EXT 2022"]
[Source "ChessBase"]
[SourceDate "2021.10.06"]
[SourceVersion "1"]
[SourceVersionDate "2021.10.06"]
[SourceQuality "1"]

1. e4 e5 2. Nf3 Nc6 3. Bb5 Nf6 4. 0-0 Nxe4 5. d4 Nd6 6. Bxc6 dxc6 7. dxe5 Nf5 8. Qxd8+ Kxd8 9. Nc3 Be6 10. Bf4 Ke8 11. a3 h5 12. Ne4 Bd5 13. Ned2 Rd8 14. Rfe1 b5 15. Ng5 Be7 16. Ndf3 Rg8 17. Rad1 g6 18. b4 a5 19. c3 c5 20. e6 fxe6 21. Bxc7 Rd7 22. Bxa5 c4 23. Bb6 Rf8 24. Rd2 Bxf3 25. Nxf3 Rxd2 26. Nxd2 Kd7 27. Ne4 Rb8 28. Bc5 Ra8 29. Bxe7 Kxe7 30. Ra1 Nd6 31. Nc5 e5 32. f3 g5 33. Kf2 Kf6 34. Rd1 Ke7 35. Ra1 Kf6 36. g3 g4 37. Ke3 gxf3 38. Kxf3 Ra7 39. Ne4+ Nxe4 40. Kxe4 Ke6 41. h3 Ra8 42. Rf1 Rxa3 43. Rf3 Ra1 44. Rf8 Re1+ 45. Kf3 Rf1+ 0-1

[Event "CAN-ch U10"]
[Site "Quebec"]
[Date "2018.07.04"]
[Round "5.107"]
[White "Chandra, Anand Rishi"]
[Black "Qin, Vincent"]
[Result "1-0"]
[WhiteElo "2101"]
[BlackElo "1639"]
[PlyCount "91"]
[EventDate "2018.07.02"]
[EventType "swiss"]
[EventRounds "7"]
[EventCountry "CAN"]
[SourceTitle "EXT 2022"]
[Source "ChessBase"]
[SourceDate "2021.10.06"]
[SourceVersion "1"]
[SourceVersionDate "2021.10.06"]
[SourceQuality "1"]

1. e4 e5 2. Nf3 Nc6 3. Bc4 Bc5 4. c3 Nf6 5. d3 d6 6. Nbd2 0-0 7. 0-0 a6 8. Bb3 b5 9. h3 Bb7 10. Re1 Re8 11. Nf1 d5 12. d4 exd4 13. e5 Ne4 14. cxd4 Bb6 15. Bc2 Nb4 16. Bb1 c5 17. a3 Nc6 18. Bxe4 dxe4 19. Ng5 Nxd4 20. Qh5 h6 21. Qxf7+ Kh8 22. Qxb7 hxg5 23. Qxe4 Bc7 24. f4 Kg8 25. Be3 Nc6 26. Rad1 Qe7 27. g3 Rad8 28. Rxd8 Bxd8 29. Nh2 gxf4 30. gxf4 Qh4 31. Nf3 Qg3+ 32. Kh1 Qxh3+ 33. Nh2 Bh4 34. Rg1 Bg3 35. Rg2 Rd8 36. Qf3 Qf5 37. Rxg3 Rd3 38. Nf1 Nd4 39. Qg2 Ne6 40. Kh2 Qh5+ 41. Rh3 Qf5 42. Rg3 Qh5+ 43. Qh3 Qf7 44. f5 Nd8 45. f6 g6 46. Qh6 1-0

[Event "CAN-ch U10"]
[Site "Quebec"]
[Date "2018.07.03"]
[Round "3.105"]
[White "Chandra, Anand Rishi"]
[Black "Liu, Aaron K"]
[Result "1-0"]
[WhiteElo "2101"]
[BlackElo "1489"]
[PlyCount "89"]
[EventDate "2018.07.02"]
[EventType "swiss"]
[EventRounds "7"]
[EventCountry "CAN"]
[SourceTitle "EXT 2022"]
[Source "ChessBase"]
[SourceDate "2021.10.06"]
[SourceVersion "1"]
[SourceVersionDate "2021.10.06"]
[SourceQuality "1"]

1. e4 e5 2. Nf3 Nc6 3. Bc4 Bc5 4. c3 Nf6 5. d3 d6 6. 0-0 h6 7. a4 a6 8. Re1 0-0 9. h3 Bd7 10. Nbd2 Ne7 11. Nf1 Ng6 12. Ng3 Kh8 13. Qb3 Qe8 14. d4 Ba7 15. Qc2 c5 16. dxc5 dxc5 17. Be3 Bc6 18. Rad1 Bxa4 19. b3 Bc6 20. Bc1 Rd8 21. Rxd8 Qxd8 22. Rd1 Qc7 23. Bd5 Rd8 24. c4 Bb6 25. Bb2 Re8 26. Nf5 Ba7 27. Re1 Bb6 28. Bc3 Rf8 29. Qb2 Bxd5 30. exd5 Qd7 31. g4 Nf4 32. Nxe5 Qd8 33. Re3 N6xd5 34. cxd5 Qxd5 35. Rf3 Qd1+ 36. Kh2 Ne2 37. Qa1 Nxc3 38. Qxc3 f6 39. Ng6+ Kg8 40. Nxf8 Bc7+ 41. Kg2 g6 42. Nxh6+ Kxf8 43. Qxf6+ Ke8 44. Qe6+ Kd8 45. Nf7# 1-0

[Event "Victoria Grand Pacific op"]
[Site "Victoria"]
[Date "2018.04.01"]
[Round "4.9"]
[White "Brown, Gabriel"]
[Black "Chandra, Anand Rishi"]
[Result "1/2-1/2"]
[WhiteElo "2075"]
[BlackElo "1825"]
[PlyCount "52"]
[EventDate "2018.03.30"]
[EventType "swiss"]
[EventRounds "6"]
[EventCountry "CAN"]
[SourceTitle "EXT 2022"]
[Source "ChessBase"]
[SourceDate "2021.10.06"]
[SourceVersion "1"]
[SourceVersionDate "2021.10.06"]
[SourceQuality "1"]

1. c4 Nf6 2. g3 g6 3. Bg2 d5 4. cxd5 Nxd5 5. Nc3 Nb6 6. Nf3 Bg7 7. 0-0 0-0 8. d3 Nc6 9. Be3 e5 10. Qd2 Re8 11. Rab1 Nd4 12. Bh6 Bg4 13. Bxg7 Kxg7 14. Ne1 Bc8 15. Nc2 c6 16. b4 Be6 17. Rfd1 Qc7 18. Nxd4 exd4 19. Ne4 Rad8 20. Rdc1 f5 21. Nc5 Bd5 22. Qb2 Bxg2 23. Kxg2 Re7 24. b5 Qe5 25. bxc6 bxc6 26. Rc2 Rd6 1/2-1/2

[Event "Alberta op"]
[Site "Edmonton"]
[Date "2017.10.08"]
[Round "3"]
[White "Chandra, Anand Rishi"]
[Black "MacDonald, Dean"]
[Result "1-0"]
[WhiteElo "1662"]
[BlackElo "1366"]
[PlyCount "24"]
[EventDate "2017.10.07"]
[EventType "swiss"]
[EventRounds "6"]
[EventCountry "CAN"]
[SourceTitle "EXT 2019"]
[Source "ChessBase"]
[SourceDate "2018.10.10"]
[SourceVersion "1"]
[SourceVersionDate "2018.10.10"]
[SourceQuality "1"]

1. e4 c5 2. Nf3 Nc6 3. c3 g6 4. d4 cxd4 5. cxd4 e6 6. Nc3 Bg7 7. Bg5 Nge7 8. Bd3 d6 9. 0-0 h6 10. Be3 0-0 11. Qd2 Kh7 12. Rad1 a6 1-0

[Event "Calgary op 10th"]
[Site "Calgary"]
[Date "2017.08.07"]
[Round "9"]
[White "Chandra, Anand Rishi"]
[Black "Sharma, Vishruth"]
[Result "1-0"]
[WhiteElo "1682"]
[BlackElo "1454"]
[PlyCount "61"]
[EventDate "2017.08.02"]
[EventType "swiss"]
[EventRounds "9"]
[EventCountry "CAN"]
[SourceTitle "EXT 2018"]
[Source "ChessBase"]
[SourceDate "2017.10.13"]
[SourceVersion "1"]
[SourceVersionDate "2017.10.13"]
[SourceQuality "1"]

1. e4 c5 2. Nf3 d6 3. Bb5+ Bd7 4. Bxd7+ Nxd7 5. 0-0 Ngf6 6. Re1 e6 7. c3 Be7 8. d4 cxd4 9. cxd4 0-0 10. Nc3 Nb6 11. h3 d5 12. e5 Nfd7 13. Qd3 h6 14. Nh2 Re8 15. f4 Nf8 16. Kh1 f6 17. g4 fxe5 18. fxe5 Bg5 19. Nf3 Nh7 20. Nb5 Rf8 21. Nxg5 Nxg5 22. Bxg5 hxg5 23. Kg2 Nc8 24. Rac1 Rf7 25. Rf1 Re7 26. Nc3 Rc7 27. Qg6 Qe7 28. Rf6 Rc6 29. Rcf1 Qb4 30. Qe8+ Kh7 31. Rh6+ 1-0